|
|
|
|
| LEADER |
00000nam0a2200000 4500 |
| 001 |
281109 |
| 005 |
20231101235354.0 |
| 035 |
|
|
|a (RuTPU)RU\TPU\book\304749
|
| 035 |
|
|
|a RU\TPU\book\304745
|
| 090 |
|
|
|a 281109
|
| 100 |
|
|
|a 20150119d1985 km y0rusy50 ca
|
| 101 |
0 |
|
|a rus
|
| 102 |
|
|
|a UA
|
| 105 |
|
|
|a y a 001zy
|
| 200 |
1 |
|
|a Теория магнитных явлений. Магнитные материалы, их испытание и практическое применение
|e библиографический указатель отечественной и зарубежной литературы (1977-1985 г. г.)
|h Ч. 2
|f Академия наук Украинской ССР (АН УССР), Институт электродинамики (ИЭД) ; сост. А. Е. Андриевская
|
| 210 |
|
|
|a Киев
|c ОНТИ
|d 1985
|
| 215 |
|
|
|a 230 с.
|
| 320 |
|
|
|a Именной указатель: с. 170-228
|
| 606 |
1 |
|
|a Библиографические пособия
|x По технике
|2 stltpush
|3 (RuTPU)RU\TPU\subj\69627
|9 84384
|
| 606 |
1 |
|
|a Магнитные материалы
|x Испытание
|2 stltpush
|3 (RuTPU)RU\TPU\subj\40820
|9 60650
|
| 610 |
1 |
|
|a магнитные явления
|
| 610 |
1 |
|
|a практическое применение
|
| 610 |
1 |
|
|a характеристики
|
| 610 |
1 |
|
|a методы
|
| 610 |
1 |
|
|a аппаратура
|
| 610 |
1 |
|
|a ферромагнетики
|
| 610 |
1 |
|
|a намагничивание
|
| 610 |
1 |
|
|a размагничивание
|
| 610 |
1 |
|
|a магнитные поля
|
| 610 |
1 |
|
|a измерение
|
| 610 |
1 |
|
|a магнитная запись
|
| 610 |
1 |
|
|a ферромагнитные порошки
|
| 610 |
1 |
|
|a библиографические указатели
|
| 675 |
|
|
|a 621.318.1(01)
|v 3
|
| 686 |
|
|
|a Я19:62
|v LBC/SL-A
|2 rubbk
|
| 702 |
|
1 |
|a Андриевская
|b А. Е.
|g Алла Евгеньевна
|4 220
|
| 712 |
0 |
2 |
|a Академия наук Украинской ССР (АН УССР)
|b Институт электродинамики (ИЭД)
|c (Киев)
|c (1963-1991)
|2 stltpush
|3 (RuTPU)RU\TPU\col\12436
|
| 801 |
|
1 |
|a RU
|b 63413507
|c 20150119
|
| 801 |
|
2 |
|a RU
|b 63413507
|c 20170620
|g RCR
|
| 942 |
|
|
|c BK
|